00472 2200193 4500001002100000005001500021035002000036245002800056100001700084250000600101300002600107856004500133260003400178082000800212084001400220020002200234600001000256990001200266INLIS00000000000318220251201095834 a0010-12250000031 aSomeday /cWinna Efendi0 aWinna Efendi a1 a400 hlm ;c13 x 19 cm aRuang Baca Umum No Klas 800 ( Rak 3,4,5) aJakarta :bGagas Media,c2017 a813 a813 WIN s a978-979-780-887-7 4aFiksi a0754477